000
003280000a22001570004500
003
MACL
040
_a
MACL
090
_c
46177
_d
46175
100
_a
Christie, Agatha
245
_a
The Mousetrap and selected plays
260
_b
Harper
_c
1993
350
_a
175
650
_a
Fiction
942
_c
BOOK
_k
823
951
_o
823 BOOK
999
_c
45697
_d
45697